000
00269nam a22000977a 4500
999
_c
534936
_d
534936
082
_a
016.891421
100
_a
Jhour, Giani Balwinder
245
_a
Jiwan Jhalkian /
_c
Giani Balwinder singh Jhour
942
_2
ddc
_c
BK